000 00885 a2200217 4500
001 54230
005 20260407155813.0
008 260407a1971 arg spa d
003 AR-UNSa-BCEJYS
040 _aAR-UNSa-BCEJYS
_bspa
_cAR-UNSa-BCEJYS
080 _a330.101
_xCiencia económica en general. La economía y sus problemas. Objeto y métodos de la economía política
245 1 0 _aElementos fundamentales para la crítica de la economía política
_p(Borrador) 1857-1858
264 1 _aBuenos Aires :
_bSiglo Veintiuno de Argentina Editores
_c1971
300 _a2 v. (500 ; 493 p.)
_c23 cm.
505 _aTomo I: 1. Introducción - 2. El capítulo del dinero - 3. El capítulo del capital -- Tomo II: El capítulo del capital (continuación)
041 _aspa
942 _cBK
590 _aniveau_biblio:m niveau_hierar:0
100 1 _aMarx, Karl
700 1 _aScaron, Pedro
999 _c5401
_d5401